[Event "43. Olimpiada Batumi 2018 Femenina"]
[Site "Batumi GEO"]
[Date "2018.10.02"]
[Round "8.2"]
[White "Mentile, Lishen"]
[Black "Farrugia, Jamie"]
[Result "1-0"]
[WhiteElo "1502"]
[BlackElo "1582"]
[PlyCount "117"]
[EventDate "2018.09.24"]
[EventType "team-swiss"]
[EventRounds "11"]
[EventCountry "GEO"]
[SourceTitle "Ajedrez en Madrid"]
[Source "lmi"]
[SourceDate "2018.09.24"]
[WhiteTeam "Namibia"]
[BlackTeam "Malta"]
[WhiteTeamCountry "NAM"]
[BlackTeamCountry "MLT"]

1. e4 e5 2. Nf3 Nc6 3. Bc4 Bc5 4. c3 Nf6 5. d3 d6 6. h3 Be6 7. Nbd2 O-O 8. b4
Bb6 9. a4 a5 10. b5 Ne7 11. Ba2 Ng6 12. Nc4 Bc5 13. Be3 Nd7 14. O-O h6 15. d4
Bxc4 16. Bxc4 Ba7 17. Nd2 Qf6 18. Qf3 Kh8 19. Rad1 Nf4 20. dxe5 dxe5 21. Nb3
Nb6 22. Bxb6 Bxb6 23. Kh2 Qe7 24. Qg4 Rad8 25. g3 Ng6 26. Ra1 Rd7 27. Bd5 Rb8
28. Kg2 Nf8 29. Rfd1 Qf6 30. Qf3 Qxf3+ 31. Kxf3 Rbd8 32. Ke2 Ne6 33. f3 Rd6 34.
Bxb7 Rxd1 35. Rxd1 Rxd1 36. Kxd1 Nc5 37. Nxc5 Bxc5 38. Kd2 Kg8 39. Kd3 Kf8 40.
Kc4 Bb6 41. Kd5 f6 42. Ke6 Ke8 43. Bd5 Bc5 44. Bc6+ Kf8 45. g4 Bb6 46. h4 Be3
47. h5 Bb6 48. Bd7 Bc5 49. Kd5 Bb6 50. Kc6 Ke7 51. Bf5 Kd8 52. c4 Be3 53. c5
Bd4 54. b6 cxb6 55. cxb6 Bxb6 56. Kxb6 Ke7 57. Kxa5 Kd6 58. Kb6 g6 59. hxg6 1-0

[Event "43. Olimpiada Batumi 2018 Femenina"]
[Site "Batumi GEO"]
[Date "2018.10.02"]
[Round "8.3"]
[White "Psaila, Uranchimeg"]
[Black "Nepando, Jolly"]
[Result "1/2-1/2"]
[WhiteElo "1446"]
[BlackElo "1479"]
[PlyCount "61"]
[EventDate "2018.09.24"]
[EventType "team-swiss"]
[EventRounds "11"]
[EventCountry "GEO"]
[SourceTitle "Ajedrez en Madrid"]
[Source "lmi"]
[SourceDate "2018.09.24"]
[WhiteTeam "Malta"]
[BlackTeam "Namibia"]
[WhiteTeamCountry "MLT"]
[BlackTeamCountry "NAM"]

1. d4 d5 2. Nf3 Nf6 3. e3 Bf5 4. Bd3 Bxd3 5. Qxd3 c6 6. O-O e6 7. Nbd2 Be7 8.
e4 h6 9. e5 Nfd7 10. Re1 O-O 11. Nf1 b6 12. c3 c5 13. Bf4 c4 14. Qc2 b5 15. a3
a5 16. Ng3 Nc6 17. Qd2 Re8 18. Bxh6 f6 19. Bxg7 Kxg7 20. Nh5+ Kf7 21. Qh6 Rg8
22. Qh7+ Kf8 23. Nh4 Qe8 24. Qh6+ Kf7 25. Qh7+ Kf8 26. Qh6+ Kf7 27. Qh7+ Kf8
28. Qh6+ Kf7 29. Qh7+ Kf8 30. Qh6+ Kf7 31. Qh7+ 1/2-1/2

[Event "43. Olimpiada Batumi 2018 Femenina"]
[Site "Batumi GEO"]
[Date "2018.10.02"]
[Round "8.4"]
[White "Valombola, Magdalena"]
[Black "Stagno, Milena"]
[Result "1-0"]
[WhiteElo "1364"]
[BlackElo "1388"]
[PlyCount "71"]
[EventDate "2018.09.24"]
[EventType "team-swiss"]
[EventRounds "11"]
[EventCountry "GEO"]
[SourceTitle "Ajedrez en Madrid"]
[Source "lmi"]
[SourceDate "2018.09.24"]
[WhiteTeam "Namibia"]
[BlackTeam "Malta"]
[WhiteTeamCountry "NAM"]
[BlackTeamCountry "MLT"]

1. e4 c5 2. Nf3 Nc6 3. Bc4 Nf6 4. d3 g6 5. O-O Bg7 6. Re1 O-O 7. Nbd2 d5 8.
exd5 Nxd5 9. Ne4 b6 10. Rb1 Bf5 11. Bd2 a6 12. a4 Ne5 13. Nxe5 Bxe5 14. Ng3
Bxg3 15. fxg3 Re8 16. Qf3 Nf6 17. Bc3 Qd7 18. Qf4 b5 19. axb5 axb5 20. Bb3 Qa7
21. Qe5 Rad8 22. Ra1 Qb6 23. Ba5 Qd6 24. Bxd8 Qxd8 25. Qxc5 e6 26. Qc6 Ng4 27.
Qc5 Qd7 28. h3 Nf6 29. g4 Rc8 30. Qf2 Bxg4 31. hxg4 Nxg4 32. Qf4 e5 33. Qe4 Re8
34. Qd5 Qxd5 35. Bxd5 Nf6 36. Ra8 1-0

[Event "43. Olimpiada Batumi 2018 Femenina"]
[Site "Batumi GEO"]
[Date "2018.10.02"]
[Round "8.2"]
[White "Almeraj, Etedal"]
[Black "Hoareau, Rachelle"]
[Result "0-1"]
[WhiteElo "1062"]
[BlackElo "1467"]
[PlyCount "74"]
[EventDate "2018.09.24"]
[EventType "team-swiss"]
[EventRounds "11"]
[EventCountry "GEO"]
[SourceTitle "Ajedrez en Madrid"]
[Source "lmi"]
[SourceDate "2018.09.24"]
[WhiteTeam "Kuwait"]
[BlackTeam "Seychelles"]
[WhiteTeamCountry "KUW"]
[BlackTeamCountry "SEY"]

1. e4 d5 2. Nc3 d4 3. Nd5 e6 4. Nf4 e5 5. Nd3 Nc6 6. Nf3 Bd6 7. c4 Bg4 8. Be2
Nf6 9. h3 Bxf3 10. Bxf3 Qe7 11. a3 Qf8 12. O-O g6 13. Qc2 Qg7 14. c5 Be7 15. b4
O-O 16. a4 g5 17. b5 g4 18. hxg4 Nxg4 19. bxc6 b6 20. Bxg4 Qxg4 21. Nxe5 Qh4
22. d3 Bg5 23. Bb2 f6 24. Qc4+ Kg7 25. Nd7 Rf7 26. Bxd4 Qh5 27. e5 Bf4 28.
exf6+ Kg6 29. g3 Qg4 30. Rae1 Bxg3 31. Re4 Bf4+ 32. Kh1 Qh4+ 33. Kg2 Qg4+ 34.
Kh1 Qf3+ 35. Kg1 Qg4+ 36. Kh1 Qh3+ 37. Kg1 Qh2# 0-1

[Event "43. Olimpiada Batumi 2018 Femenina"]
[Site "Batumi GEO"]
[Date "2018.10.02"]
[Round "8.3"]
[White "Figaro, Dericka"]
[Black "Alawadhi, Amenah"]
[Result "1-0"]
[WhiteElo "1671"]
[BlackElo "1374"]
[PlyCount "32"]
[EventDate "2018.09.24"]
[EventType "team-swiss"]
[EventRounds "11"]
[EventCountry "GEO"]
[SourceTitle "Ajedrez en Madrid"]
[Source "lmi"]
[SourceDate "2018.09.24"]
[WhiteTeam "Seychelles"]
[BlackTeam "Kuwait"]
[WhiteTeamCountry "SEY"]
[BlackTeamCountry "KUW"]

1. d4 Nf6 2. c4 e6 3. Nf3 d5 4. Bg5 h6 5. Bh4 Bb4+ 6. Nbd2 dxc4 7. e3 Nbd7 8.
Bxf6 Nxf6 9. Qa4+ Bd7 10. Qxb4 b5 11. Be2 Nd5 12. Qc5 a5 13. a4 Nb4 14. O-O Na6
15. Qe5 f6 16. Qh5+ Ke7 1-0

[Event "43. Olimpiada Batumi 2018 Femenina"]
[Site "Batumi GEO"]
[Date "2018.10.03"]
[Round "9.1"]
[White "Saduakassova, Dinara"]
[Black "Ju, Wenjun"]
[Result "1/2-1/2"]
[WhiteElo "2474"]
[BlackElo "2561"]
[PlyCount "53"]
[EventDate "2018.09.24"]
[EventType "team-swiss"]
[EventRounds "11"]
[EventCountry "GEO"]
[SourceTitle "Ajedrez en Madrid"]
[Source "lmi"]
[SourceDate "2018.09.24"]
[WhiteTeam "Kazakhstan"]
[BlackTeam "China"]
[WhiteTeamCountry "KAZ"]
[BlackTeamCountry "CHN"]

1. Nf3 Nf6 2. c4 e6 3. g3 d5 4. d4 dxc4 5. Bg2 c5 6. O-O Nc6 7. dxc5 Qxd1 8.
Rxd1 Bxc5 9. Nbd2 c3 10. bxc3 O-O 11. Nb3 Be7 12. c4 Bd7 13. Nfd4 Rac8 14. Bb2
Rfd8 15. Nxc6 Bxc6 16. Rxd8+ Bxd8 17. Rd1 Bxg2 18. Kxg2 Kf8 19. Bd4 Rxc4 20.
Bxa7 Be7 21. Bd4 Ne8 22. Rc1 Rxc1 23. Nxc1 Bf6 24. Bc5+ Be7 25. Bd4 Bf6 26.
Bc5+ Be7 27. Bd4 1/2-1/2

[Event "43. Olimpiada Batumi 2018 Femenina"]
[Site "Batumi GEO"]
[Date "2018.10.03"]
[Round "9.2"]
[White "Shen, Yang"]
[Black "Abdumalik, Zhansaya"]
[Result "1/2-1/2"]
[WhiteElo "2464"]
[BlackElo "2482"]
[PlyCount "74"]
[EventDate "2018.09.24"]
[EventType "team-swiss"]
[EventRounds "11"]
[EventCountry "GEO"]
[SourceTitle "Ajedrez en Madrid"]
[Source "lmi"]
[SourceDate "2018.09.24"]
[WhiteTeam "China"]
[BlackTeam "Kazakhstan"]
[WhiteTeamCountry "CHN"]
[BlackTeamCountry "KAZ"]

1. d4 Nf6 2. c4 g6 3. Nc3 d5 4. cxd5 Nxd5 5. e4 Nxc3 6. bxc3 Bg7 7. Nf3 c5 8.
Bb5+ Nd7 9. O-O O-O 10. Rb1 a6 11. Bd3 e5 12. d5 b5 13. a4 c4 14. Bc2 Rb8 15.
Be3 Qc7 16. Qc1 Qd6 17. axb5 axb5 18. Ra1 Re8 19. Ra7 Bf8 20. Qa1 Nc5 21. Rb1
f5 22. Rd1 Nd3 23. Bxd3 cxd3 24. Qa2 h6 25. Bc1 Qb6 26. Be3 Qd6 27. Bc1 Qb6 28.
Be3 Qd8 29. Qa5 Qd6 30. Qa2 Qd8 31. Qa5 Qxa5 32. Rxa5 fxe4 33. Nd2 Bf5 34. h3
g5 35. Rb1 Rec8 36. Rb3 Kf7 37. g4 Bg6 1/2-1/2

[Event "43. Olimpiada Batumi 2018 Femenina"]
[Site "Batumi GEO"]
[Date "2018.10.03"]
[Round "9.3"]
[White "Nakhbayeva, Guliskhan"]
[Black "Huang, Qian"]
[Result "0-1"]
[WhiteElo "2394"]
[BlackElo "2446"]
[PlyCount "90"]
[EventDate "2018.09.24"]
[EventType "team-swiss"]
[EventRounds "11"]
[EventCountry "GEO"]
[SourceTitle "Ajedrez en Madrid"]
[Source "lmi"]
[SourceDate "2018.09.24"]
[WhiteTeam "Kazakhstan"]
[BlackTeam "China"]
[WhiteTeamCountry "KAZ"]
[BlackTeamCountry "CHN"]

1. d4 d5 2. c4 c6 3. Nc3 Nf6 4. e3 a6 5. Nf3 e6 6. c5 b6 7. cxb6 Nbd7 8. Qc2
Qxb6 9. Bd2 Bb7 10. Rc1 a5 11. Bd3 Ba6 12. Na4 Qb7 13. Bxa6 Rxa6 14. O-O Ne4
15. Rfd1 Bd6 16. Be1 O-O 17. Nd2 Nxd2 18. Rxd2 Rc8 19. Rd3 h6 20. a3 Qc7 21. h3
Qa7 22. Rc3 Qb7 23. Kh1 Qb5 24. Qd3 Qb7 25. f3 e5 26. Rb3 Qa7 27. Bf2 exd4 28.
exd4 Re8 29. Re1 Rxe1+ 30. Bxe1 Qa8 31. Bd2 Ra7 32. Qf5 Qd8 33. Rc3 Rc7 34. Rc1
Qh4 35. Qg4 Qf6 36. Bxa5 h5 37. Bxc7 hxg4 38. Bxd6 Qxd6 39. hxg4 Qf4 40. Rxc6
Qxd4 41. Nc3 Qd2 42. b4 Qc1+ 43. Kh2 Ne5 44. Rc8+ Kh7 45. b5 d4 0-1

[Event "43. Olimpiada Batumi 2018 Femenina"]
[Site "Batumi GEO"]
[Date "2018.10.03"]
[Round "9.4"]
[White "Lei, Tingjie"]
[Black "Dauletova, Gulmira"]
[Result "1-0"]
[WhiteElo "2468"]
[BlackElo "2263"]
[PlyCount "91"]
[EventDate "2018.09.24"]
[EventType "team-swiss"]
[EventRounds "11"]
[EventCountry "GEO"]
[SourceTitle "Ajedrez en Madrid"]
[Source "lmi"]
[SourceDate "2018.09.24"]
[WhiteTeam "China"]
[BlackTeam "Kazakhstan"]
[WhiteTeamCountry "CHN"]
[BlackTeamCountry "KAZ"]

1. e4 c5 2. Nf3 e6 3. d4 cxd4 4. Nxd4 Nc6 5. Nc3 Qc7 6. Be3 a6 7. Qf3 Nf6 8.
O-O-O Ne5 9. Qg3 b5 10. f4 Neg4 11. Bg1 h5 12. h3 b4 13. Nd5 Nxd5 14. exd5 Nf6
15. dxe6 dxe6 16. Bd3 Be7 17. Nb3 g5 18. Qxg5 Rg8 19. Qa5 Qxa5 20. Nxa5 Bd8 21.
Nc4 Bc7 22. Nb6 Bxb6 23. Bxb6 Bb7 24. Bd4 Ne4 25. Rhe1 f5 26. Bc4 Ke7 27. g4
Rac8 28. Bd3 a5 29. gxh5 Kf7 30. Rg1 Bd5 31. h6 Nf6 32. b3 Bf3 33. Rde1 Bg2 34.
Bc4 Be4 35. Rg5 Rxg5 36. fxg5 Nh7 37. h4 Rc6 38. Rg1 f4 39. h5 Kg8 40. g6 f3
41. gxh7+ Kxh7 42. Be3 e5 43. Rg7+ Kh8 44. Rf7 a4 45. Bg5 axb3 46. Rf8+ 1-0

[Event "43. Olimpiada Batumi 2018 Femenina"]
[Site "Batumi GEO"]
[Date "2018.10.03"]
[Round "9.1"]
[White "Mammadzada, Gunay"]
[Black "Muzychuk, Anna"]
[Result "0-1"]
[WhiteElo "2438"]
[BlackElo "2555"]
[PlyCount "68"]
[EventDate "2018.09.24"]
[EventType "team-swiss"]
[EventRounds "11"]
[EventCountry "GEO"]
[SourceTitle "Ajedrez en Madrid"]
[Source "lmi"]
[SourceDate "2018.09.24"]
[WhiteTeam "Azerbaijan"]
[BlackTeam "Ukraine"]
[WhiteTeamCountry "AZE"]
[BlackTeamCountry "UKR"]

1. e4 e5 2. Nf3 Nc6 3. Bb5 a6 4. Ba4 Nf6 5. O-O Be7 6. Re1 b5 7. Bb3 O-O 8. d4
Nxd4 9. Nxd4 exd4 10. e5 Ne8 11. c3 c5 12. cxd4 c4 13. Bc2 d5 14. Nc3 Nc7 15.
a3 a5 16. Qh5 g6 17. Qh6 Ra6 18. Be3 f5 19. g3 f4 20. Bxf4 Ne6 21. Be3 Ng5 22.
e6 Rxe6 23. Nxb5 Rxe3 24. Rxe3 Nh3+ 25. Kh1 Bg5 26. Qxf8+ Qxf8 27. f4 Bf6 28.
Kg2 Bd7 29. Ba4 g5 30. f5 g4 31. Nc3 Bxa4 32. Nxa4 Bxd4 33. Re2 Qxf5 34. Rf1
Qf3+ 0-1

[Event "43. Olimpiada Batumi 2018 Femenina"]
[Site "Batumi GEO"]
[Date "2018.10.03"]
[Round "9.2"]
[White "Muzychuk, Mariya"]
[Black "Balajayeva, Khanim"]
[Result "1/2-1/2"]
[WhiteElo "2533"]
[BlackElo "2326"]
[PlyCount "156"]
[EventDate "2018.09.24"]
[EventType "team-swiss"]
[EventRounds "11"]
[EventCountry "GEO"]
[SourceTitle "Ajedrez en Madrid"]
[Source "lmi"]
[SourceDate "2018.09.24"]
[WhiteTeam "Ukraine"]
[BlackTeam "Azerbaijan"]
[WhiteTeamCountry "UKR"]
[BlackTeamCountry "AZE"]

1. c4 e5 2. g3 Nf6 3. Bg2 c6 4. d4 exd4 5. Qxd4 d5 6. Nc3 Na6 7. Bg5 Be7 8.
cxd5 Nb4 9. O-O-O Nbxd5 10. e4 Nxc3 11. Qxc3 Qb6 12. f4 Bg4 13. Bf3 Bxf3 14.
Nxf3 O-O 15. Bxf6 Bxf6 16. e5 Be7 17. Rd7 Bb4 18. Qd3 Rfd8 19. e6 fxe6 20. Ng5
Qc5+ 21. Kb1 Qf5 22. Qxf5 exf5 23. Rxb7 Rab8 24. Rxb8 Rxb8 25. Rd1 Bc3 26. b3
h6 27. Ne6 Re8 28. Rd8 Rxd8 29. Nxd8 Bd4 30. Nxc6 Bg1 31. h3 Bh2 32. Ne7+ Kf7
33. Nxf5 Kf6 34. Nd6 Ke6 35. Nb5 Bxg3 36. Nxa7 Bxf4 37. Kc2 Kd5 38. Kd3 g5 39.
Nb5 h5 40. Nc3+ Kc5 41. Ne4+ Kb5 42. Nf6 g4 43. hxg4 hxg4 44. Nxg4 Kb4 45. Kc2
Ka3 46. Kb1 Bg5 47. Ne5 Kb4 48. Nc4 Kc3 49. Nd6 Bh6 50. Nb5+ Kb4 51. Nc7 Ka3
52. Nd5 Bf8 53. Nc3 Bg7 54. Nd5 Bf8 55. Nc7 Bg7 56. Ne6 Bf6 57. Nf4 Bg7 58. Nd3
Bf8 59. Nb2 Kb4 60. Nc4 Kc3 61. Kc1 Bh6+ 62. Kd1 Bf8 63. Ke2 Kc2 64. Ke3 Kb1
65. a4 Kc2 66. Na5 Kc3 67. Nb7 Bg7 68. Ke4 Bd4 69. a5 Ba7 70. Kd5 Kxb3 71. a6
Kb4 72. Kc6 Bg1 73. Nd6 Ka5 74. Kb7 Bf2 75. Ne4 Bg1 76. Nd2 Kb5 77. Nf3 Bf2 78.
Ne5 Bg1 1/2-1/2

[Event "43. Olimpiada Batumi 2018 Femenina"]
[Site "Batumi GEO"]
[Date "2018.10.03"]
[Round "9.3"]
[White "Mammadova, Gulnar"]
[Black "Ushenina, Anna"]
[Result "1-0"]
[WhiteElo "2355"]
[BlackElo "2451"]
[PlyCount "107"]
[EventDate "2018.09.24"]
[EventType "team-swiss"]
[EventRounds "11"]
[EventCountry "GEO"]
[SourceTitle "Ajedrez en Madrid"]
[Source "lmi"]
[SourceDate "2018.09.24"]
[WhiteTeam "Azerbaijan"]
[BlackTeam "Ukraine"]
[WhiteTeamCountry "AZE"]
[BlackTeamCountry "UKR"]

1. e4 c5 2. Nf3 d6 3. Bb5+ Bd7 4. c4 g6 5. d4 a6 6. Bxd7+ Nxd7 7. O-O Bg7 8.
Nc3 cxd4 9. Nxd4 Ngf6 10. Qe2 Rc8 11. a4 Qa5 12. Nb3 Qc7 13. Nd2 O-O 14. b3
Rfe8 15. Ba3 e6 16. Rac1 Ne5 17. Rfd1 Red8 18. h3 Qb6 19. b4 Nh5 20. a5 Qa7 21.
Kf1 Nf4 22. Qe3 Qxe3 23. fxe3 Nxc4 24. Nxc4 Rxc4 25. Na4 Rxc1 26. Rxc1 Nh5 27.
Rc7 Ng3+ 28. Ke1 Rb8 29. Nb6 Nxe4 30. Nd7 Ra8 31. Rxb7 Nc3 32. Bb2 Nb5 33. Bxg7
Kxg7 34. Nb8 Nc7 35. e4 g5 36. Kd2 Kg6 37. Kc3 f5 38. Rxc7 Rxb8 39. Rc6 Ra8 40.
Rxd6 fxe4 41. g4 Kf6 42. Kd4 e3 43. Kxe3 Ke5 44. Rb6 Ra7 45. b5 axb5 46. Rxb5+
Kf6 47. Kd4 h5 48. gxh5 Rd7+ 49. Kc5 Rd3 50. a6 Rxh3 51. a7 Ra3 52. Kb6 g4 53.
Ra5 Rb3+ 54. Ka6 1-0

[Event "43. Olimpiada Batumi 2018 Femenina"]
[Site "Batumi GEO"]
[Date "2018.10.03"]
[Round "9.4"]
[White "Osmak, Iulija"]
[Black "Fataliyeva, Ulviyya"]
[Result "1/2-1/2"]
[WhiteElo "2405"]
[BlackElo "2320"]
[PlyCount "139"]
[EventDate "2018.09.24"]
[EventType "team-swiss"]
[EventRounds "11"]
[EventCountry "GEO"]
[SourceTitle "Ajedrez en Madrid"]
[Source "lmi"]
[SourceDate "2018.09.24"]
[WhiteTeam "Ukraine"]
[BlackTeam "Azerbaijan"]
[WhiteTeamCountry "UKR"]
[BlackTeamCountry "AZE"]

1. e4 e6 2. d4 d5 3. e5 c5 4. c3 Nc6 5. Nf3 Qb6 6. a3 Nh6 7. b4 cxd4 8. Bxh6
gxh6 9. cxd4 Bd7 10. Ra2 Rc8 11. Rc2 Rg8 12. h3 h5 13. g3 h4 14. g4 Bh6 15. Qd3
Ke7 16. Be2 Nxb4 17. axb4 Qxb4+ 18. Rc3 Rxc3 19. Nxc3 Rc8 20. O-O Rxc3 21. Qxh7
Bc1 22. g5 Ke8 23. Kg2 Qe7 24. Qb1 Bxg5 25. Qxb7 Bc8 26. Qb2 Rc7 27. Kh1 f5 28.
Rg1 Bh6 29. Rg6 Qh7 30. Qb5+ Kd8 31. Rg1 Bf8 32. Ng5 Qd7 33. Qa5 Bh6 34. Nf3
Qh7 35. Qa3 Qh8 36. Bb5 Bd7 37. Be2 Bc8 38. Nxh4 Bf8 39. Qg3 Rh7 40. Qg5+ Be7
41. Qg8+ Qxg8 42. Rxg8+ Kc7 43. Ng6 Rxh3+ 44. Kg2 Rh7 45. Nf4 Bb4 46. Kf3 Bd2
47. Nd3 Bc3 48. Ke3 Rh4 49. Nf4 Bxd4+ 50. Kxd4 Rxf4+ 51. Kc5 Rxf2 52. Rg7+ Kb8
53. Bb5 Rc2+ 54. Kd6 d4 55. Rg3 Rc3 56. Rg2 a6 57. Bd7 d3 58. Rd2 Bxd7 59. Kxd7
f4 60. Kxe6 Kc7 61. Kf7 f3 62. e6 Rc4 63. e7 Rf4+ 64. Ke8 Kb6 65. Kd8 Rd4+ 66.
Kc8 Re4 67. Kd8 Rd4+ 68. Kc8 Re4 69. Kd8 Rd4+ 70. Kc8 1/2-1/2

[Event "43. Olimpiada Batumi 2018 Femenina"]
[Site "Batumi GEO"]
[Date "2018.10.03"]
[Round "9.1"]
[White "Zatonskih, Anna"]
[Black "Hoang, Thanh Trang"]
[Result "1/2-1/2"]
[WhiteElo "2431"]
[BlackElo "2423"]
[PlyCount "61"]
[EventDate "2018.09.24"]
[EventType "team-swiss"]
[EventRounds "11"]
[EventCountry "GEO"]
[SourceTitle "Ajedrez en Madrid"]
[Source "lmi"]
[SourceDate "2018.09.24"]
[WhiteTeam "United States of America"]
[BlackTeam "Hungary"]
[BlackTeamCountry "HUN"]

1. e4 e6 2. d4 d5 3. exd5 exd5 4. Nf3 Bd6 5. Bd3 Nc6 6. O-O Nge7 7. Nc3 a6 8.
Re1 Nb4 9. Ne5 Nxd3 10. Nxd3 O-O 11. Bf4 Bf5 12. Ne2 Ng6 13. Bxd6 Qxd6 14. Ng3
Bxd3 15. Qxd3 Rfe8 16. c3 Re6 17. Re3 Rae8 18. Rae1 Qf4 19. Nf1 Qg4 20. Rxe6
Rxe6 21. Rxe6 fxe6 22. Ne3 Qg5 23. Qd1 Nf4 24. g3 Qg6 25. Kf1 Nh3 26. Qg4 Ng5
27. h4 Qb1+ 28. Kg2 Qe4+ 29. Kf1 Qb1+ 30. Kg2 Qe4+ 31. Kf1 1/2-1/2

[Event "43. Olimpiada Batumi 2018 Femenina"]
[Site "Batumi GEO"]
[Date "2018.10.03"]
[Round "9.2"]
[White "Gara, Anita"]
[Black "Krush, Irina"]
[Result "1/2-1/2"]
[WhiteElo "2370"]
[BlackElo "2423"]
[PlyCount "235"]
[EventDate "2018.09.24"]
[EventType "team-swiss"]
[EventRounds "11"]
[EventCountry "GEO"]
[SourceTitle "Ajedrez en Madrid"]
[Source "lmi"]
[SourceDate "2018.09.24"]
[WhiteTeam "Hungary"]
[BlackTeam "United States of America"]
[WhiteTeamCountry "HUN"]

1. e4 c5 2. Nf3 e6 3. d4 cxd4 4. Nxd4 a6 5. c4 Qc7 6. Nc3 Nf6 7. Be2 Bb4 8. Nc2
Be7 9. O-O b6 10. f4 Bb7 11. Qd3 d6 12. b4 O-O 13. Bb2 Nc6 14. a3 Rfd8 15. Rac1
b5 16. cxb5 axb5 17. Qe3 Na7 18. Nxb5 Nxb5 19. Bxb5 Bxe4 20. Nd4 Qb6 21. Bc6
Bxc6 22. Rxc6 Qa7 23. Kh1 d5 24. Rfc1 Bd6 25. Qf3 Qb7 26. b5 Ne4 27. R1c2 Qe7
28. b6 h6 29. Nb5 Qb7 30. Nxd6 Nxd6 31. h3 Ra6 32. Qc3 Nf5 33. Rc8 Qxb6 34.
Rxd8+ Qxd8 35. g4 d4 36. Qc8 Ra8 37. Qxd8+ Rxd8 38. gxf5 exf5 39. Kg2 d3 40.
Rd2 g5 41. Kf3 Kh7 42. Bf6 Rg8 43. Rxd3 Kg6 44. Rd6 Kh5 45. Bd4 Rb8 46. Rb6 Ra8
47. Bc5 Rc8 48. Bb4 Rc4 49. Bd2 Rd4 50. Be3 Ra4 51. Rb3 Kh4 52. Kg2 Kh5 53. Kg3
Re4 54. Rc3 Ra4 55. Bc1 Rd4 56. Rf3 Kg6 57. Rb3 Rc4 58. Bd2 Rd4 59. Bb4 Rxf4
60. a4 Rc4 61. a5 Rc6 62. Be7 f4+ 63. Kf3 Kh5 64. Bd8 Kh4 65. Ke4 Rc4+ 66. Kf5
Rd4 67. Bb6 Ra4 68. Bf2+ Kh5 69. Bb6 Kh4 70. Rd3 Ra2 71. Bd8 Kh5 72. Rf3 Rd2
73. Bb6 Ra2 74. Rd3 Kh4 75. Bc7 Ra4 76. Bd8 Kh5 77. Ke5 Ra2 78. Bb6 Kh4 79. Kd5
Ra1 80. Kc4 f5 81. Kd5 g4 82. Bd8+ Kh5 83. Ke5 g3 84. Kxf4 g2 85. Bb6 Rf1+ 86.
Ke5 g1=Q 87. Bxg1 Rxg1 88. Ra3 Kg5 89. a6 Re1+ 90. Kd5 Rd1+ 91. Ke5 Re1+ 92.
Kd4 Re8 93. a7 Ra8 94. Ke3 Kh4 95. Kf4 h5 96. Kxf5 Rf8+ 97. Kg6 Rg8+ 98. Kf7
Ra8 99. Kf6 Rf8+ 100. Ke7 Ra8 101. Kd6 Rd8+ 102. Kc7 Rg8 103. Ra5 Rh8 104. a8=Q
Rxa8 105. Rxa8 Kxh3 106. Kd6 h4 107. Ke5 Kg3 108. Rg8+ Kf3 109. Rh8 Kg3 110.
Ke4 h3 111. Ke3 Kg2 112. Rg8+ Kf1 113. Rf8+ Kg1 114. Ke2 h2 115. Rg8+ Kh1 116.
Ra8 Kg2 117. Rg8+ Kh1 118. Kf2 1/2-1/2

[Event "43. Olimpiada Batumi 2018 Femenina"]
[Site "Batumi GEO"]
[Date "2018.10.03"]
[Round "9.3"]
[White "Abrahamyan, Tatev"]
[Black "Gara, Ticia"]
[Result "1-0"]
[WhiteElo "2361"]
[BlackElo "2321"]
[PlyCount "111"]
[EventDate "2018.09.24"]
[EventType "team-swiss"]
[EventRounds "11"]
[EventCountry "GEO"]
[SourceTitle "Ajedrez en Madrid"]
[Source "lmi"]
[SourceDate "2018.09.24"]
[WhiteTeam "United States of America"]
[BlackTeam "Hungary"]
[BlackTeamCountry "HUN"]

1. e4 e5 2. Nf3 Nf6 3. Nc3 Nc6 4. d4 exd4 5. Nxd4 Bb4 6. Nxc6 bxc6 7. Bd3 d5 8.
exd5 cxd5 9. O-O O-O 10. h3 c6 11. Bg5 Rb8 12. Qf3 Bd6 13. Na4 h6 14. Bxf6 Qxf6
15. Qxf6 gxf6 16. Rad1 Be6 17. b3 Rfd8 18. Nc3 Re8 19. Ne2 Be5 20. f4 Bc7 21.
Ng3 Ba5 22. Rf3 Kf8 23. Nh5 Bd8 24. Rg3 Ke7 25. Rg7 Ba5 26. f5 Bd7 27. Nf4 Kf8
28. Rh7 Bc7 29. Nh5 Be5 30. Rxh6 Ke7 31. Nxf6 Bxf6 32. Re1+ Be6 33. fxe6 fxe6
34. Bf5 e5 35. Rh7+ Kd6 36. Rxa7 e4 37. Rd7+ Ke5 38. g4 Rb4 39. c3 Rbb8 40. Rf1
Rbd8 41. a4 c5 42. Rf7 Bh4 43. Bd7 Rh8 44. R1f5+ Kd6 45. c4 dxc4 46. bxc4 Rb8
47. Rd5+ Kc7 48. Rxc5+ Kb6 49. Re5 Rhd8 50. c5+ Ka5 51. c6+ Kb6 52. Rxe4 Bg3
53. Rb4+ Kc5 54. Rb5+ Kd4 55. Kg2 Bd6 56. Bf5 1-0

[Event "43. Olimpiada Batumi 2018 Femenina"]
[Site "Batumi GEO"]
[Date "2018.10.03"]
[Round "9.4"]
[White "Terbe, Julianna"]
[Black "Yu, Jennifer"]
[Result "1/2-1/2"]
[WhiteElo "2260"]
[BlackElo "2268"]
[PlyCount "68"]
[EventDate "2018.09.24"]
[EventType "team-swiss"]
[EventRounds "11"]
[EventCountry "GEO"]
[SourceTitle "Ajedrez en Madrid"]
[Source "lmi"]
[SourceDate "2018.09.24"]
[WhiteTeam "Hungary"]
[BlackTeam "United States of America"]
[WhiteTeamCountry "HUN"]

1. e4 e5 2. Nf3 Nf6 3. Nxe5 d6 4. Nf3 Nxe4 5. Nc3 Nxc3 6. dxc3 Be7 7. Be3 Nc6
8. Qd2 Be6 9. O-O-O Qd7 10. Kb1 a6 11. h4 h6 12. Nd4 Nxd4 13. Bxd4 Rg8 14. Be2
c5 15. Be3 d5 16. g4 O-O-O 17. g5 hxg5 18. hxg5 Kb8 19. Bf4+ Bd6 20. Bf3 Ka8
21. Rh4 Qc7 22. Bxd6 Rxd6 23. Qf4 Rgd8 24. Qe5 f6 25. gxf6 gxf6 26. Qh2 Qa5 27.
Rh8 Ka7 28. Rxd8 Qxd8 29. b3 d4 30. cxd4 Rxd4 31. Rxd4 Qxd4 32. Qc7 Bd5 33.
Bxd5 Qxd5 34. Qf4 Qe6 1/2-1/2

[Event "43. Olimpiada Batumi 2018 Femenina"]
[Site "Batumi GEO"]
[Date "2018.10.03"]
[Round "9.1"]
[White "Danielian, Elina"]
[Black "Khademalsharieh, Sarasadat"]
[Result "1-0"]
[WhiteElo "2409"]
[BlackElo "2431"]
[PlyCount "101"]
[EventDate "2018.09.24"]
[EventType "team-swiss"]
[EventRounds "11"]
[EventCountry "GEO"]
[SourceTitle "Ajedrez en Madrid"]
[Source "lmi"]
[SourceDate "2018.09.24"]
[WhiteTeam "Armenia"]
[BlackTeam "Iran"]
[WhiteTeamCountry "ARM"]
[BlackTeamCountry "IRI"]

1. c4 e6 2. Nc3 Bb4 3. e4 b6 4. Nf3 Bb7 5. Qc2 Nf6 6. e5 Nh5 7. d4 O-O 8. Be2
f6 9. h4 Qe8 10. Bd3 f5 11. Bd2 Bxf3 12. gxf3 Nc6 13. Ne2 d6 14. exd6 cxd6 15.
O-O-O Bxd2+ 16. Qxd2 Rc8 17. Kb1 a5 18. a3 Ne7 19. Qe3 Rf6 20. Rhg1 d5 21. Rc1
dxc4 22. Bxc4 Nd5 23. Qe5 Rd8 24. Nc3 Qf7 25. Bb3 Rg6 26. Rxg6 hxg6 27. Nxd5
exd5 28. Rc7 Qf6 29. Bxd5+ Kh7 30. Bb3 Rxd4 31. Qe8 Rd8 32. Qe3 Qxh4 33. Qxb6
a4 34. Bf7 Nf4 35. Rc1 Rd2 36. Qb8 Rd8 37. Qb4 g5 38. Qa5 Rf8 39. Qxf5+ g6 40.
Qd7 Kh6 41. Qe7 Rb8 42. Qd6 Rh8 43. Ka2 Qh3 44. Qf6 Rf8 45. Rg1 Qh5 46. Rg3 Rc8
47. Be6 Rb8 48. Bd7 Qh4 49. Rg4 Qxf2 50. Qxg5+ Kh7 51. Qh4+ 1-0